Top 15 Länder mit Covid-19-Todesfällen - 9. Oktober - Statistiken

Allgemein
  • Dieses Quiz wurde 14 mal gespielt
  • Das Durchschnittsergebnis liegt bei 12 aus 20
Antwortstatistiken
Land % Korrekt
Brasilien
85%
Vereinigte Staaten
85%
Indien
77%
Italien
77%
Iran
69%
Mexiko
69%
Spanien
69%
Vereinigtes Königreich
69%
Argentinien
62%
Chile
62%
Frankreich
62%
Kolumbien
62%
Russland
54%
Südafrika
46%
Belgien
38%
Bolivien
38%
Ecuador
38%
Peru
38%
Schweden
31%
Panama
23%
Keine übereinstimmenden Quizze gefunden
Verteilung der Resultate
Anzahl Personen mit jedem Resultat
Perzentil nach korrekt beantworteten Fragen
Ihre Resultats-Entwicklung
Sie haben dieses Quiz noch nicht gespielt